Aasian maantiedettä kirjaimittain - K #1 - Statistics

Yleistilastot
  • Tätä visaa on pelattu 436 kertaa
  • Keskiarvotulos 11 / 20
Vastaustilastot
Vihje Vastaus % Oikein
Aikaisemmin maailman väkirikkain valtio Kiina
97%
Istanbulin entinen nimi Konstantinopoli
86%
Japanin entinen pääkaupunki Kioto
84%
Aikoinaan Pol Potin hirmuhallinnon alaisuudessa ollut valtio Kambodža
79%
Sen pääkaupunki on Biškek Kirgisia
76%
Nepalin pääkaupunki Kathmandu
73%
Petronas Twin Towersit sijaitsevat tässä kaupungissa Kuala Lumpur
73%
Vuoristo Euroopan ja Aasian rajalla Azerbaidžanissa, Geogiassa ja Venäjällä Kaukasus
70%
Tämä suolajärvi on maailman matalin luonnollinen kohta Kuollutmeri
69%
Demilitarisoidun vyöhykkeen jakama niemimaa Korea
68%
Etnisen ryhmän alue Irakin pohjoisosissa, Syyriassa ja Turkissa Kurdistan
66%
Sri Lankan lainsäädännöllinen pääkaupunki Kotte
47%
Pakistanin suurin kaupunki Karachi
46%
Suuri niemimaa Venäjän itäosissa Kamtšatka
39%
Japanin maantieteellinen alue Suur-Tokion ympäristössä Kanto
27%
Hongkongin saaren pohjoispuolella oleva niemimaa, jossa oli vuoteen 1994 asti 'Walled City', jonka asukastiheys oli jopa 1,3 miljoonaa/km2 Kowloon
23%
Intian kehittynein osavaltio maan lounaisrannikolla Kerala
21%
K2 sijaitsee tässä Himalajaan ja Hindukušiin kuuluvassa vuoristossa Karakorum
17%
Vuorisola Afganistanin ja Pakistanin välissä {Khaibar}sola
17%
Muun muassa Jangtsen ja Keltaisenjoen yhdistävä maailman pisin kanava Keisarinkanava
11%
Ehtoja vastaavia visoja ei löytynyt
Tulosjakauma
Jokaisen tuloksen saaneiden osuus
Persentiili vastausten määrän mukaan
Tuloshistoriasi
Et ole pelannut tätä visaa